Využívanie rizikového kapitálu v čase krízy

Charakteristika podniku. Malé a stredné podniky. Pojem rizikový kapitál. Možnosti rizikového kapitálu. Alternatíva voči úverom a pôžičkám - získavanie rizikového kapitálu.

Uložené v:
Podrobná bibliografia
Hlavný autor: Andrejkovič, Marek
Ďalší autori: Hudák, Matej, 1984-, Rejdová, Radomíra
Médium: Kapitola
Jazyk:Slovak
Predmet:
Tagy: Pridať tag
Žiadne tagy, Buďte prvý, kto otaguje tento záznam!

MARC

LEADER 00000nla$a2200000$$$4500
001 0112480
005 20240712094200.5
041 0 |a slo 
044 |a SK 
245 1 0 |a Využívanie rizikového kapitálu v čase krízy  |c Marek Andrejkovič, Matej Hudák, Radomíra Rejdová 
520 |a Charakteristika podniku. Malé a stredné podniky. Pojem rizikový kapitál. Možnosti rizikového kapitálu. Alternatíva voči úverom a pôžičkám - získavanie rizikového kapitálu. 
610 2 0 |a kapitál rizikový 
610 2 0 |a financie 
610 2 0 |a investície 
610 2 0 |a úver bankový 
610 2 0 |a podnik malý 
610 2 0 |a podnik stredný 
610 2 0 |a kríza finančná 
610 2 0 |a kríza hospodárska 
100 1 |a Andrejkovič, Marek 
700 1 |a Hudák, Matej, 1984- 
700 1 |a Rejdová, Radomíra